Khảo sát đa dạng thành phần loài và đặc điểm phân bố của giun đất ở tỉnh Bình Phước : Luận văn tốt nghiệp cao học ngành: Sinh thái học

Nội dung luận văn giới thiệu cơ sở lý luận và phương pháp nghiên cứu. Xác định được đa dạng thành phần loài, lập danh lục và xây dựng khóa định loại các loài giun đất ở tỉnh Bình Phước. Mô tả các loài giun đất và xây dựng bộ mẫu các...

全面介紹

Đã lưu trong:
書目詳細資料
主要作者: Lương, Thị Huỳnh Tiên
格式: 圖書
語言:Undetermined
出版: Cần Thơ Trường Đại học Cần Thơ 2018
主題:
標簽: 添加標簽
沒有標簽, 成為第一個標記此記錄!
Thư viện lưu trữ: Trung tâm Học liệu Trường Đại học Cần Thơ
LEADER 01594nam a2200229Ia 4500
001 CTU_228203
008 210402s9999 xx 000 0 und d
082 |a 592.64 
082 |b T305 
088 |a 604201120 
100 |a Lương, Thị Huỳnh Tiên 
245 0 |a Khảo sát đa dạng thành phần loài và đặc điểm phân bố của giun đất ở tỉnh Bình Phước : 
245 0 |b Luận văn tốt nghiệp cao học ngành: Sinh thái học 
245 0 |c Lương Thị Huỳnh Tiên ; Nguyễn Thanh Tùng (cán bộ hướng dẫn) 
260 |a Cần Thơ 
260 |b Trường Đại học Cần Thơ 
260 |c 2018 
520 |a Nội dung luận văn giới thiệu cơ sở lý luận và phương pháp nghiên cứu. Xác định được đa dạng thành phần loài, lập danh lục và xây dựng khóa định loại các loài giun đất ở tỉnh Bình Phước. Mô tả các loài giun đất và xây dựng bộ mẫu các loài đã gặp ở khu vực nghiên cứu cho phòng thí nghiệm để phục vụ công tác giảng dạy và nghiên cứu khoa học. Xác định đặc điểm phân bố của giun đất ở các dạng địa hình, sinh cảnh và loại đất trong khu vực nghiên cứu. 
650 |a Giun đất,Earthworms 
650 |x Sinh thái học,Ecology 
910 |b dqhieu 
980 |a Trung tâm Học liệu Trường Đại học Cần Thơ